Eu sòzinha (Registo nº 201635)

Detalhes MARC
000 -Etiqueta do registo
Valores 00625nam 22002053 4500
021 ## - Número do Depósito Legal
Código do país Portugal
100 ## - Dados gerais de processamento
Dados gerais 20241106d u||y0pory50 ba
200 ## - Titulo e menção de responsabilidade
Título próprio Eu sòzinha
Primeira menção de responsabilidade Marina Colasanti
Outras menções de responsabilidade introdução Millôr Fernandes
210 ## - Publicação
Local de publicação Guanabara
Nome do editor Gráfica Record
Data de publicação imp. 1938
215 ## - Descrição física 
Paginação / Volumes 150, [2] p.
Outras indicações físicas brochado
Dimensões 21 cm
300 ## - Notas gerais 
Texto da nota Contém dedicatória na folha de guarda
606 ## - Nome comum usado como assunto
ID Autoridade 9
Palavra de ordem Literatura Brasileira
610 ## - Termos não controlados
Palavra de ordem Memórias
675 ## - CDU
Notação 821.134.3(81)-94
Edição PT
Língua por
700 ## - Autor principal (pessoa individual)
ID Autoridade 9181
Apelido Colasanti
Nome Marina
Datas 1937 -
801 ## - Fonte de origem
País PT
Agência BMMN
Regras de catalogação RPC
830 ## - Notas gerais do catalogador
Criado por Ana Falardo
Indexado por Ana Falardo
990 ## - Elementos KOHA
Tipo de documento Livro
Exemplares
Situação do levantamento Biblioteca de origem Código de barras Cota Permissão de empréstimo Tipo de documento Nota relativa ao exemplar Forma de aquisição
  Biblioteca Municipal de Montemor-o-Novo 30996 821.134.3(81)-94 COL|SAF   Livro Acesso Condicionado Oferta

Powered by Koha